00678nam a2200193Ia 4500008004100000020001500041082001400056100002000070245004600090250000800136260002500144300000900169500002400178650001200202942000700214952012900221952011700350999001700467230524s9999 xx 000 0 und d a0070495432 a5.13bSCH aHerbert Schildt 4aThe Complete Refference JAVA (J2SE 1000p) a5TH aNEW DELHIbTMHc2005 a1000 aQuantity Number: 2 aComp-Sc cBK 00104070aTATCLbTATCLcGENd2023-05-24l1o005.13 SCHp7044q2021-09-10r2024-01-31s2024-01-31w2023-05-24yBKzBECS2212 00104070aTATCLbTATCLcGENd2023-05-24l1o005.13 SCHp7045r2024-10-05s2024-01-31w2023-05-24yBKzBECS2212 c25253d25253